Automotive lubricants reference book
Gorde:
| Egile Nagusiak: | , , |
|---|---|
| Formatua: | Liburua |
| Hizkuntza: | ingelesa |
| Argitaratua: |
Warrendale
SAE
2004
|
| Edizioa: | 2a. ed |
| Gaiak: | |
| Etiketak: |
Etiketa erantsi
Etiketarik gabe, Izan zaitez lehena erregistro honi etiketa jartzen!
|
MARC
| LEADER | 00000nam a2200000 a 4500 | ||
|---|---|---|---|
| 001 | UCG5689 | ||
| 003 | CL-VaPUC | ||
| 008 | 110317e20040000us |||||||||||||||||eng|d | ||
| 020 | |a 0768012511 | ||
| 082 | 0 | 4 | |a 629.255 |b CAI |2 21 |
| 100 | 0 | |a Caines, Arthur J |e author |9 555436 | |
| 700 | 0 | |a Haycock, Roger F |e author |9 555437 | |
| 700 | 0 | |a Hillier, John E |e author |9 555438 | |
| 245 | 1 | 0 | |a Automotive lubricants reference book |
| 250 | |a 2a. ed | ||
| 300 | |a 737 p | ||
| 942 | |c BK | ||
| 945 | |d 20110317 00:00:00 |a dcastane | ||
| 260 | |a Warrendale |b SAE |c 2004 | ||
| 650 | 0 | |a Motores |9 334293 | |
| 650 | 7 | |a MANTENCION Y REPARACION |2 CL-VaPUC |9 555439 | |
| 650 | 7 | |a MECANICA AUTOMOTRIZ |2 CL-VaPUC |9 428677 | |
| 650 | 7 | |a LUBRICANTES |2 CL-VaPUC |9 357608 | |
| 583 | |a last modification |c 20171211 06:52:30 |k Rodrigo Vera | ||
| 999 | |c 344084 |d 344082 | ||
| 952 | |0 0 |1 0 |2 ddc |4 0 |6 629_255000000000000_CAI_2004 |7 0 |8 A |9 441873 |a BIBMEC |b BIBMEC |d 2019-11-22 |i 4756134 |o 629.255 CAI 2004 |p 4756134 |r 2024-01-19 |w 2019-11-22 |y BK_P |k MEC | ||